[Event "XXIII Krakow Open"]
[Site "Krakow POL"]
[Date "2012.12.29"]
[Round "3.5"]
[White "Baryshpolets,A"]
[Black "Hansen,TR"]
[Result "1-0"]
[WhiteElo "2502"]
[BlackElo "2444"]

1.d4 Nf6 2.c4 e6 3.g3 Bb4+ 4.Nd2 c5 5.a3 Bxd2+ 6.Qxd2 cxd4 7.Nf3 d5 8.cxd5 Qxd5
9.Qxd4 Nc6 10.Qxd5 exd5 11.Bg2 Bg4 12.Be3 O-O 13.O-O Rfe8 14.Rfe1 Rac8 15.Rad1 a6
16.h3 Be6 17.Rc1 Na5 18.Nd2 Nc6 19.Nb3 Nd7 20.Red1 Nde5 21.Bxd5 Bxh3 22.Nc5 Rc7
23.Bf4 Bc8 24.Nxa6 bxa6 25.Bxe5 Rxe5 26.Rxc6 Ree7 27.Bf3  1-0

[Event "Australian Open 2013"]
[Site "Cammeray AUS"]
[Date "2013.01.03"]
[Round "2.49"]
[White "Bennett,Matthew"]
[Black "Press,B"]
[Result "1-0"]
[WhiteElo "1817"]
[BlackElo "1585"]

1.d4 Nf6 2.c4 e6 3.g3 Bb4+ 4.Bd2 c5 5.Bxb4 cxb4 6.Bg2 d5 7.Nd2 O-O 8.Ngf3 Nc6
9.O-O a5 10.Qc2 Rb8 11.Rac1 Bd7 12.e4 dxe4 13.Nxe4 Nxe4 14.Qxe4 Qf6 15.Rfe1 Rfe8
16.Ne5 Qe7 17.Nxd7 Qxd7 18.Red1 Rbd8 19.d5 exd5 20.Qxd5 Qg4 21.Qf3 Rxd1+
22.Qxd1 Qf5 23.Qd5 Qf6 24.Qd7 Rd8 25.Re1 g6 26.Qxb7 Rd2 27.Qb6 Qd4 28.Re8+ Kg7
29.Qxd4+ Nxd4 30.Ra8 Rxb2 31.Rxa5 Rb1+ 32.Bf1 b3 33.axb3 Rxb3 34.Kg2 Rc3
35.Rd5 Ne6 36.Bd3 h5 37.Kf1 Kf6 38.Ke1 Ra3 39.Kd2 Ra8 40.h4 Ra7 41.Bc2 Ra3
42.Rd3 Ra2 43.Kc3 Nc5 44.Rd5 Ne6 45.Kb3 Ra7 46.Kb4 Ra2 47.Rd2 Ra7 48.Be4 Rc7
49.Rd5 Rb7+ 50.Rb5 Rd7 51.Bd5 Nc7 52.Rb6+ Kg7 53.Kc5 Ne8 54.Rb7 Rxb7 55.Bxb7 Kf6
56.Bd5 Ke7 57.Kb6 Nf6 58.Kc7 Ne8+ 59.Kc6 Nf6 60.f4 Ne8 61.c5 Nf6 62.Bb3 Ne8
63.Kb6 f6 64.c6 Nd6 65.c7 Nc8+ 66.Kb7 Nd6+ 67.Kb8 Kd7 68.Ba4+ Ke6 69.c8=Q+ Nxc8
70.Kxc8 g5 71.Bd7+ Kf7 72.f5 Kg7 73.Be6  1-0

[Event "XLII Rilton Cup"]
[Site "Stockholm SWE"]
[Date "2013.01.03"]
[Round "7.2"]
[White "Shimanov,A"]
[Black "Cramling,P"]
[Result "1-0"]
[WhiteElo "2630"]
[BlackElo "2516"]

1.d4 Nf6 2.c4 e6 3.g3 Bb4+ 4.Bd2 a5 5.Bg2 d6 6.Nf3 Nbd7 7.O-O e5 8.dxe5 dxe5
9.Nc3 c6 10.a3 Be7 11.Qc2 O-O 12.Na4 b6 13.Nh4 Bb7 14.Nf5 Re8 15.Nxe7+ Rxe7
16.b4 axb4 17.Bxb4 Re8 18.Rfd1 Qc8 19.c5 bxc5 20.Nxc5 Nxc5 21.Bxc5 Ra5 22.a4 Nd5
23.e4 Nc7 24.Bb6 Ra8 25.Rd6 Ne6 26.Bh3 Qb8 27.Rd2 Ng5 28.Bg2 c5 29.a5 Qc8
30.Rc1 Qg4 31.Qd1 Qxd1+ 32.Rdxd1 Bxe4 33.Bxe4 Nxe4 34.Kg2 h6 35.f3 Nf6 36.Rxc5 e4
37.f4 e3 38.Rc2 Nd5 39.Rxd5 e2 40.Bf2 e1=Q 41.Bxe1 Rxe1 42.Ra2 Ra6 43.Kf2 Rc1
44.Ke3 g6 45.Rb5 Re1+ 46.Kd4 Rd1+ 47.Kc5 Rc1+ 48.Kb4 Kg7 49.Rc5 Rb1+ 50.Ka4 h5
51.Rb5 Rg1 52.Rb6 Ra8 53.a6 h4 54.gxh4 Rf1 55.Kb5 Rxf4 56.a7 Rxh4 57.Rb8 Rxa7
58.Rxa7 Rxh2 59.Kc4  1-0

[Event "25th Staufer Open"]
[Site "Schwaebisch Gmuend GER"]
[Date "2013.01.06"]
[Round "9.27"]
[White "Hahn,F"]
[Black "Herbold,M"]
[Result "1/2-1/2"]
[WhiteElo "2037"]
[BlackElo "2164"]

1.d4 Nf6 2.c4 e6 3.g3 Bb4+ 4.Bd2 Qe7 5.Nc3 Bxc3 6.Bxc3 Ne4 7.Qc2 Nxc3 8.Qxc3 d6
9.Bg2 e5 10.Nf3 Nd7 11.O-O a5 12.Rad1  1/2-1/2

[Event "Dvorkovich Mem 2013"]
[Site "Taganrog RUS"]
[Date "2013.01.15"]
[Round "1.11"]
[White "Kovalchuk,Al RUS"]
[Black "Maletin,P"]
[Result "0-1"]
[WhiteElo "2235"]
[BlackElo "2572"]

1.d4 Nf6 2.c4 e6 3.g3 Bb4+ 4.Bd2 c5 5.Bxb4 cxb4 6.Bg2 O-O 7.e4 d6 8.Ne2 e5
9.O-O Qb6 10.a3 Bg4 11.f3 Be6 12.c5 dxc5 13.dxe5 Nfd7 14.f4 Nc6 15.Nd2 Rad8
16.Kh1 bxa3 17.bxa3 Ndxe5 18.Nc3 Nc4 19.Nxc4 Bxc4 20.Nd5 Bxf1 21.Qxf1 Qa5
22.f5 f6 23.Qf4 Rd7 24.g4 Ne7 25.g5 Nxd5 26.exd5 Qc7  0-1

[Event "75th Tata Steel GpC"]
[Site "Wijk aan Zee NED"]
[Date "2013.01.18"]
[Round "6.1"]
[White "Goryachkina,A"]
[Black "Romanishin,O"]
[Result "1/2-1/2"]
[WhiteElo "2402"]
[BlackElo "2521"]

1.d4 Nf6 2.c4 e6 3.g3 Bb4+ 4.Nd2 a5 5.Bg2 O-O 6.Nf3 b6 7.a3 Bxd2+ 8.Nxd2 d5
9.b3 Bb7 10.O-O Nbd7 11.Bb2 c5 12.dxc5 bxc5 13.Qc2 Rb8 14.e3 Qb6 15.cxd5 Bxd5
16.Bxf6 Nxf6 17.Rab1 Bxg2 18.Kxg2 h5 19.h4 Rfd8 20.Nc4 Qc6+ 21.Kg1 Qf3 22.Ne5 Qd5
23.Nc4 Qf3 24.Ne5 Qd5 25.Nc4 Qf3 26.Ne5  1/2-1/2

[Event "TCh-AUT 2012-13"]
[Site "Graz AUT"]
[Date "2013.01.19"]
[Round "6.1"]
[White "Erdos,V"]
[Black "Babula,V"]
[Result "1/2-1/2"]
[WhiteElo "2640"]
[BlackElo "2585"]

1.d4 Nf6 2.c4 e6 3.g3 Bb4+ 4.Bd2 a5 5.Bg2 d6 6.Nf3 Nbd7 7.O-O e5 8.Qc2 O-O
9.Nc3 Re8 10.e4 exd4 11.Nxd4 Ne5 12.b3 a4 13.h3 axb3 14.axb3 Rxa1 15.Rxa1 Bc5
16.Nce2 Qe7 17.Bc3 Bd7 18.Re1 Qd8 19.Rd1 Qe7 20.Re1 Qd8 21.Kh2 h5 22.f3 c6
23.Bd2 Bb6 24.Qc3 Bc7 25.Kh1 Qc8 26.Ng1 Ng6 27.f4 Bb6 28.Qd3 Bc5 29.Kh2 h4
30.gxh4 Nxh4 31.Bh1 Ng6 32.Nge2 Bb6  1/2-1/2

[Event "5th Chennai Open 2013"]
[Site "Chennai IND"]
[Date "2013.01.21"]
[Round "9"]
[White "Praveen Kumar,C1"]
[Black "Kuderinov,K"]
[Result "0-1"]
[WhiteElo "2305"]
[BlackElo "2432"]

1.d4 Nf6 2.c4 e6 3.g3 Bb4+ 4.Bd2 a5 5.Bg2 O-O 6.a3 Bxd2+ 7.Nxd2 d6 8.Ngf3 Qe7
9.O-O e5 10.e4 Bg4 11.d5 a4 12.Qc2 Nbd7 13.Nh4 Nc5 14.Rae1 g5 15.Nhf3 h6
16.h4 Nh7 17.Qc3 Bd7 18.hxg5 hxg5 19.Nh2 g4 20.f3 gxf3 21.Qxf3 Qg5 22.Qe2 f5
23.Kh1 Kh8 24.exf5 Bxf5 25.Qe3 Bd3 26.Rxf8+ Rxf8 27.Qxg5 Nxg5 28.Ng4 Kg7
29.Kg1 b6 30.Nf2 Bg6 31.Re3 Bc2 32.Rc3 Bg6 33.Re3 Rb8 34.Bf1 Nh7 35.Bd3 Nf6
36.Bxg6 Kxg6 37.Kg2 b5 38.Nd3 bxc4 39.Nxc4 Nxd5 40.Rxe5 dxe5 41.Nxc5 Kf5
42.Nxa4 Nb6 43.Naxb6 cxb6 44.Kf3 b5 45.Nd6+ Ke6 46.Ne4 b4 47.a4 Rc8 48.Ke3 b3
49.Kd3 Rc2 50.a5 Rxb2 51.Kc3 Ra2 52.Nc5+ Kd5 53.Nxb3 Ra4  0-1

[Event "Marianske Lazne Open 2013"]
[Site "Marianske Lazne CZE"]
[Date "2013.01.22"]
[Round "4.5"]
[White "Pranav,V"]
[Black "Nguyen Chi Minh"]
[Result "0-1"]
[WhiteElo "2130"]
[BlackElo "2401"]

1.d4 e6 2.c4 Nf6 3.g3 Bb4+ 4.Bd2 a5 5.Bg2 d5 6.Nf3 Nc6 7.a3 Be7 8.O-O O-O
9.Qc2 Ne4 10.Bf4 g5 11.Be3 f5 12.Ne5 Bd7 13.Nxd7 Qxd7 14.cxd5 exd5 15.Nc3 a4
16.Rac1 Nxc3 17.Qxc3 Rfc8 18.b4 Na7 19.Qd2 h6 20.h4 gxh4 21.Bxh6 c6 22.Bh3 Nb5
23.Qf4 Qd6 24.Qe3 Re8 25.Bxf5 Qf6 26.Bd7 Nxd4 27.Bxe8 Rxe8 28.Bf4 Nf5 29.Qf3 Qg6
30.Kh1 hxg3 31.fxg3 Rf8 32.Rf2 Bg5 33.Rg2 Nh4 34.gxh4 Rxf4  0-1

[Event "11th Gibraltar Masters"]
[Site "Caleta ENG"]
[Date "2013.01.24"]
[Round "3.6"]
[White "Mastrovasilis,A"]
[Black "Vitiugov,N"]
[Result "0-1"]
[WhiteElo "2498"]
[BlackElo "2694"]

1.d4 Nf6 2.c4 e6 3.g3 Bb4+ 4.Nd2 O-O 5.Bg2 d5 6.Nf3 b6 7.a3 Be7 8.Qc2 Bb7
9.cxd5 exd5 10.Ne5 c5 11.dxc5 bxc5 12.O-O Re8 13.Ndf3 Bd6 14.Nd3 Na6 15.Rd1 Qe7
16.Bf4 c4 17.Nde5 Nc5 18.Bh3 Nfe4 19.Ng4 Bxf4 20.gxf4 Nb3 21.Rab1 f6 22.Bg2 Qc5
23.Rbc1 Nxc1 24.Qxc1 Rac8 25.Ne3 c3 26.Nd4 Qb6 27.b4 Nd2 28.Rxd2 cxd2 29.Qxd2 Qc7
30.Bxd5+ Bxd5 31.Nxd5 Qd7 32.Nc2 Rcd8 33.Nce3 Rxe3  0-1

[Event "TCh-CAT Div Hon 2013"]
[Site "Catalonia ESP"]
[Date "2013.01.26"]
[Round "2.7"]
[White "Ribera Bazan,J"]
[Black "Rodriguez Vargas,O"]
[Result "0-1"]
[WhiteElo "2100"]
[BlackElo "2378"]

1.d4 Nf6 2.c4 e6 3.g3 Bb4+ 4.Bd2 c5 5.Bxb4 cxb4 6.Bg2 O-O 7.Nf3 d6 8.O-O Nc6
9.a3 Qb6 10.Qb3 Bd7 11.axb4 Nxb4 12.Nc3 a5 13.Na4 Qa6 14.e3 b5 15.cxb5 Bxb5
16.Nd2 Rab8 17.Rfc1 h6 18.Qa3 Bd3 19.Bf1 Ng4 20.h3 Nf6 21.Nc3 Bxf1 22.Nxf1 Nd3
23.Rc2 Rfc8 24.Nd2 Nb4 25.Rcc1 Qd3 26.Nce4 Rxc1+ 27.Rxc1 Nxe4  0-1

[Event "TCh-CZE Div1 Zapad 2012-13"]
[Site "Czech Republic CZE"]
[Date "2013.01.27"]
[Round "6.2"]
[White "Jirka,J"]
[Black "Chloupek,S"]
[Result "0-1"]
[WhiteElo "2411"]
[BlackElo "2325"]

1.d4 Nf6 2.c4 e6 3.g3 Bb4+ 4.Bd2 Qe7 5.Nf3 Nc6 6.Nc3 d5 7.Bg2 O-O 8.a3 Bxc3
9.Bxc3 a5 10.O-O Ne4 11.Qc2 Rd8 12.Rfd1 b6 13.Be1 Bb7 14.Rac1 Nd6 15.cxd5 exd5
16.Nh4 Ne8 17.e4 Nb8 18.Nf5 Qe6 19.e5 g6 20.Ne3 Nd7 21.f4 c5 22.f5 gxf5 23.Nxf5 cxd4
24.Nxd4 Qxe5 25.Bc3 Qe3+ 26.Kh1 Nc5 27.Rf1 Qd3 28.Qf2 Nd6 29.Nf3 Nde4 30.Qg1 Rd6
31.Ne5 Qe2 32.Rce1 Qh5 33.Bf3 d4 34.Nxf7 Rf6 35.Qxd4 Qxf7 36.Kg1 Nxc3 37.Bxb7 Rxf1+
38.Kg2 Qxb7+ 39.Kxf1 Qh1+ 40.Kf2 Rf8+  0-1

[Event "18th HIT Open A 2013"]
[Site "Nova Gorica SLO"]
[Date "2013.01.27"]
[Round "5.10"]
[White "Tonon,A"]
[Black "Zuttioni,F"]
[Result "1/2-1/2"]
[WhiteElo "2260"]
[BlackElo "2006"]

1.d4 Nf6 2.c4 e6 3.g3 Bb4+ 4.Bd2 Qe7 5.Bg2 Nc6 6.Nf3 Bxd2+ 7.Nbxd2 d6 8.O-O O-O
9.e4 e5 10.d5 Nb8 11.Ne1 a5 12.Nd3 Na6 13.b3 c6 14.a3 Bd7 15.Qe2 cxd5 16.exd5 Bf5
17.Rae1 Qc7 18.h3 Nc5 19.Nxc5 Qxc5 20.Ra1 Ra6 21.Rfc1 Rb6 22.Qe1 Re8 23.g4 Bg6
24.b4 axb4 25.Nb3 Qc8 26.axb4 h5 27.g5 Nh7 28.b5 Nxg5 29.Qe3 Qd8 30.Re1 f5
31.f4 Ne4 32.Bxe4 fxe4 33.f5 Bxf5 34.Ra2 Bd7 35.Rg2 Bxb5 36.cxb5 Rxb5 37.Qh6 Re7
38.Nd2 Rb2 39.Kh2 e3 40.Qxe3 Rb4 41.Ne4 Qf8 42.Rf2 Rf7 43.Rxf7 Qxf7 44.Nxd6 Rb2+
45.Kg1 Qxd5 46.Ne4  1/2-1/2

[Event "ITT ABC COLOR 2013"]
[Site "Asuncion PAR"]
[Date "2013.01.28"]
[Round "4.4"]
[White "Vazquez,Guillermo"]
[Black "Real de Azua,E"]
[Result "1/2-1/2"]
[WhiteElo "2350"]
[BlackElo "2465"]

1.d4 Nf6 2.c4 e6 3.g3 Bb4+ 4.Bd2 Be7 5.Bg2 d5 6.Nf3 O-O 7.O-O c6 8.Qc2 Nbd7
9.Rd1 b6 10.Bf4 Bb7 11.Nc3 dxc4 12.Ne5 Nd5 13.Nxc4 Nxf4 14.gxf4 Qc7 15.e3 Rad8
16.a3 c5 17.d5 exd5 18.Nxd5 Bxd5 19.Bxd5 b5  1/2-1/2

[Event "13th ch-CRO 2013"]
[Site "Plitvicka Jezera CRO"]
[Date "2013.01.28"]
[Round "8.6"]
[White "Kozul,Z"]
[Black "Saric,A"]
[Result "1/2-1/2"]
[WhiteElo "2637"]
[BlackElo "2540"]

1.d4 e6 2.c4 Nf6 3.g3 Bb4+ 4.Bd2 Be7 5.Bg2 d5 6.Nf3 O-O 7.Qc2 c6 8.O-O b6
9.Bf4 Nbd7 10.cxd5 cxd5 11.Bc7 Qe8 12.Nc3 Bb7 13.Rfc1 Rc8 14.Nb5 Nc5 15.a4 Na6
16.Qb3 Nxc7 17.Nxc7 Qd8 18.Nb5 a6 19.Rxc8 Qxc8 20.Nc3 Qc7 21.Rc1 Rc8 22.Na2 Qd8
23.Rxc8 Bxc8 24.Ne5 Qc7 25.f4 Nd7 26.Nf3 g6 27.e3 Nf6 28.Nc3 Ng4 29.Nd1 Qc1
30.Bf1 a5 31.h3 Nf6 32.Kg2 Ne4 33.Bd3 Nd2 34.Qc2 Qxc2 35.Bxc2 Nxf3 36.Kxf3 Bd7  1/2-1/2

[Event "TCh-CAT Div Hon 2013"]
[Site "Catalonia ESP"]
[Date "2013.02.02"]
[Round "3.1"]
[White "Cornette,M"]
[Black "Narciso Dublan,M"]
[Result "1-0"]
[WhiteElo "2564"]
[BlackElo "2549"]

1.d4 Nf6 2.c4 e6 3.g3 Bb4+ 4.Bd2 Be7 5.Bg2 d5 6.Nf3 O-O 7.O-O c6 8.Qc2 b6
9.Rd1 Bb7 10.b3 Nbd7 11.Nc3 Rc8 12.e4 dxe4 13.Nxe4 c5 14.Nxf6+ Bxf6 15.Ng5 Bxg5
16.Bxb7 Rc7 17.Be4 cxd4 18.Bxg5 Qxg5 19.Rxd4 Nf6 20.a4 Nxe4 21.Qxe4 g6 22.Rad1 Qe7
23.Rd6 Qf6 24.Rd7 Rxd7 25.Rxd7 Rd8 26.Rxa7 Qc3 27.Qf4 Qe1+ 28.Kg2 f5 29.Qh6 Qe4+
30.f3 Qe2+ 31.Kh3 Qf1+ 32.Kh4 Rd4+ 33.f4  1-0

[Event "Imperial College Open"]
[Site "London ENG"]
[Date "2013.02.02"]
[Round "2"]
[White "Navarro Cia,M"]
[Black "Duncan,P"]
[Result "1-0"]
[WhiteElo "2306"]
[BlackElo "2078"]

1.d4 Nf6 2.c4 e6 3.g3 Bb4+ 4.Bd2 Qe7 5.Nf3 Nc6 6.Nc3 Bxc3 7.Bxc3 Ne4 8.Rc1 O-O
9.Bg2 d6 10.O-O Nxc3 11.Rxc3 e5 12.d5 Nb8 13.Nd2 b6 14.b4 Bg4 15.c5 bxc5
16.bxc5 Nd7 17.c6 Nc5 18.Nb3 Nxb3 19.Rxb3 f5 20.f3 Bh5 21.Qd2 f4 22.g4 Bg6
23.Rb7 h5 24.h3 Rf7 25.e4 fxe3 26.Qxe3 hxg4 27.hxg4 a6 28.Rf2 Qh4 29.Rfb2 Raf8
30.Rb8 Qg3 31.Rxf8+ Rxf8 32.Qf2 Qf4 33.Qd2 Qxd2 34.Rxd2 Rb8 35.Bf1 Rb1 36.Kf2 a5
37.Bc4 Kf7 38.Ke3 Kf6 39.Bb3 Kg5 40.Rh2 Re1+ 41.Kd2 Rb1 42.Rh8 a4 43.Bxa4 Rb2+
44.Kc3 Rxa2 45.Bb3 Ra7 46.Rg8 Kf6 47.Rb8 Bf7 48.Rb7 Ra3 49.Kb2 Ra5 50.Rxc7 Bxd5
51.Bxd5 Rxd5 52.Rd7 Ke6 53.Rxg7 Rc5 54.c7 d5 55.Kb3 d4 56.Kb4 Kd6 57.g5 Rc1
58.g6 Ke6 59.Rh7 d3 60.g7 Kf7 61.Rh8 Kxg7 62.c8=Q d2 63.Qf8+  1-0

[Event "Imperial College Open"]
[Site "London ENG"]
[Date "2013.02.03"]
[Round "4"]
[White "Navarro Cia,M"]
[Black "Maroroa,S"]
[Result "1-0"]
[WhiteElo "2306"]
[BlackElo "2055"]

1.d4 Nf6 2.c4 e6 3.g3 Bb4+ 4.Bd2 Qe7 5.Nf3 Nc6 6.Nc3 Bxc3 7.Bxc3 Ne4 8.Rc1 O-O
9.Bg2 d6 10.d5 Nxc3 11.Rxc3 Nd8 12.O-O f5 13.Nd2 e5 14.c5 dxc5 15.Nb3 e4
16.Nxc5 b6 17.Nb3 Bb7 18.f3 c5 19.fxe4 fxe4 20.Rxf8+ Kxf8 21.Re3 Nf7 22.Rxe4 Qd7
23.Rf4 Kg8 24.e4 Ne5 25.Qf1 a5 26.Bh3 Qe7 27.Be6+ Kh8 28.Rf5 Qd6 29.Qf4 c4
30.Qxe5 Qxe5 31.Rxe5 cxb3 32.axb3 g6 33.Bh3 Rd8 34.Bf1 Kg8 35.Re7 Ba8 36.Bc4 Kh8
37.Kf2 b5 38.Bxb5 Bxd5 39.exd5 Rxd5 40.Bc4 Rd2+ 41.Re2 Rd7 42.Ke1 Kg7 43.Re5 Ra7
44.Kd2 a4 45.bxa4 Rxa4 46.Kc3 Kf6 47.Re2 h5 48.b4 g5 49.Ra2 Rxa2 50.Bxa2 Ke5
51.Kd3 h4 52.Ke3  1-0

[Event "1st Maksym Yusupov Mem"]
[Site "Lviv UKR"]
[Date "2013.02.03"]
[Round "6.5"]
[White "Sychevskyy,Andriy"]
[Black "Melnichuk,M"]
[Result "1/2-1/2"]
[WhiteElo "2083"]
[BlackElo "2354"]

1.d4 Nf6 2.c4 e6 3.g3 Bb4+ 4.Bd2 Qe7 5.Nf3 Nc6 6.Nc3 Bxc3 7.Bxc3 Ne4 8.Rc1 O-O
9.Bg2 d6 10.d5 Nxc3 11.Rxc3 Nb8 12.dxe6 fxe6 13.Nd4 Na6 14.O-O c6 15.f4 Bd7
16.Qd2 Rad8 17.Rd1 Bc8 18.Re3 Qf6 19.Rf1 Qh6 20.Nf3  1/2-1/2

[Event "TCh-FIN SM 2012-13"]
[Site "Porvoo FIN"]
[Date "2013.02.09"]
[Round "10.1"]
[White "Luukkonen,T"]
[Black "Yemelin,V"]
[Result "0-1"]
[WhiteElo "2323"]
[BlackElo "2579"]

1.d4 Nf6 2.c4 e6 3.g3 Bb4+ 4.Bd2 Be7 5.Bg2 d5 6.Nf3 c6 7.Qc2 b6 8.O-O Ba6
9.b3 O-O 10.Rd1 Nbd7 11.a4 Bd6 12.Nc3 dxc4 13.bxc4 Bxc4 14.Ng5 Be7 15.Bxc6 Rc8
16.Bf3 h6 17.Nh3 g5 18.Qc1 Nd5 19.Qb2 f5 20.Nb5 a6 21.Na3 Bxa3 22.Rxa3 N7f6
23.Bg2 Qd7 24.Bc1 b5 25.axb5 Qxb5 26.Qd2 Bxe2 27.Re1 Ne4 28.Bxe4 fxe4 29.Rxe2 Rxc1+
30.Re1 Rxe1+ 31.Qxe1 Nf6 32.f4 Qf5 33.g4 Nxg4 34.Ra5 e5 35.dxe5 gxf4 36.e6 Qxe6
37.Qf1 Qb6+  0-1

[Event "Iceland-China Friendly Match"]
[Site "Reykjavik ISL"]
[Date "2013.02.16"]
[Round "3.4"]
[White "Tan Zhongyi"]
[Black "Olafsson,H1"]
[Result "1/2-1/2"]
[WhiteElo "2466"]
[BlackElo "2547"]

1.d4 Nf6 2.c4 e6 3.g3 Bb4+ 4.Bd2 c5 5.Nf3 Qb6 6.Bxb4 Qxb4+ 7.Nbd2 Qxb2 8.dxc5 Na6
9.Bg2 Nxc5 10.O-O Qb6 11.Rb1 Qc7 12.Nd4 a6 13.N2b3 d6 14.Nxc5 dxc5 15.Qa4+ Bd7
16.Qa3 Rb8 17.Nb3 b6 18.Qxa6 O-O 19.a4 Bc8 20.Qb5 Bd7 21.Qa6 Bc8 22.Qb5 Bd7  1/2-1/2

[Event "ch-ROU 2013"]
[Site "Baile Olanesti ROU"]
[Date "2013.02.17"]
[Round "2.31"]
[White "Marchidan,Costica"]
[Black "Acsinte,M"]
[Result "0-1"]
[WhiteElo "1757"]
[BlackElo "2030"]

1.d4 Nf6 2.c4 e6 3.g3 Bb4+ 4.Bd2 Qe7 5.Bg2 Nc6 6.Nf3 Bxd2+ 7.Nbxd2 O-O 8.O-O d6
9.e4 e5 10.d5 Nb8 11.b4 a5 12.bxa5 Rxa5 13.Qc2 Bd7 14.Qc3 b6 15.Ne1 Na6 16.Nb3 Ra4
17.Nc2 Ra8 18.a3 c6 19.Nb4 cxd5 20.cxd5 Nc5 21.Nxc5 bxc5 22.Nd3 Nxe4 23.Qe1 f5
24.Qc1 Bb5 25.Rd1 Qa7 26.Qb2 Rb8 27.Qc1 Bxd3 28.Rxd3 Nxf2 29.Kxf2 c4+ 30.Re3 f4
31.gxf4 exf4  0-1

[Event "e2e4 Brighton Masters 2013"]
[Site "Brighton ENG"]
[Date "2013.02.17"]
[Round "3"]
[White "Lalic,B"]
[Black "House,Glenn L"]
[Result "1/2-1/2"]
[WhiteElo "2478"]
[BlackElo "2203"]

1.d4 Nf6 2.c4 e6 3.g3 Bb4+ 4.Nd2 O-O 5.Bg2 c5 6.a3 Bxd2+ 7.Qxd2 cxd4 8.Nf3 Qc7
9.Qxd4 Nc6 10.Qh4 Ne7 11.Qf4 d6 12.b3 b5 13.Nd4 Rb8 14.Nc2 e5 15.Qd2 bxc4
16.bxc4 Be6 17.Ne3 Bxc4 18.a4 Be6 19.Ba3 d5 20.Rc1 Qd7 21.O-O Rfd8 22.f4 exf4
23.Rxf4 Ng6 24.Rb4 Rxb4 25.Qxb4 h6 26.Bb2 Qd6 27.Qxd6 Rxd6 28.Rd1 Ra6 29.Bxf6 gxf6
30.Rd4 Ne7 31.Nxd5 Nxd5 32.Bxd5 Rd6 33.e4 f5 34.Rd3 fxe4 35.Bxe4 Rxd3 36.Bxd3 a5  1/2-1/2

[Event "ch-ROU 2013"]
[Site "Baile Olanesti ROU"]
[Date "2013.02.19"]
[Round "5.34"]
[White "Telea,S"]
[Black "Tiron,C"]
[Result "1-0"]
[WhiteElo "2118"]
[BlackElo "1906"]

1.d4 Nf6 2.c4 e6 3.g3 Bb4+ 4.Bd2 Qe7 5.Bg2 O-O 6.Nc3 d6 7.a3 Bxc3 8.Bxc3 Re8
9.Qc2 e5 10.dxe5 dxe5 11.Nf3 e4 12.Ng5 Bf5 13.Bxf6 gxf6 14.Nh3 Nc6 15.O-O-O Rad8
16.Nf4 Qe5 17.e3 Na5 18.Rxd8 Rxd8 19.Rd1 Rxd1+ 20.Kxd1 Qd6+ 21.Kc1 Qc6 22.Nd5 Kf8
23.b3 Qc5 24.Kb2 b5 25.Bxe4 bxc4 26.b4 Qxd5 27.Bxd5 Bxc2 28.Kxc2 c6 29.Be4 Nb7
30.Bxc6 Nd6 31.Kc3 Ke7 32.e4 Ke6 33.Bd5+ Ke7 34.a4 h6 35.Kd4 Kd7 36.Bxc4 Kc6
37.f4 Kd7 38.e5 fxe5+ 39.fxe5 Nf5+ 40.Ke4 Ne7 41.Bxf7 Nc6 42.b5 Nd8 43.Bd5  1-0

[Event "ch-Central Serbia 2013"]
[Site "Pozarevac SRB"]
[Date "2013.02.21"]
[Round "5.14"]
[White "Bura,G"]
[Black "Kostic,Tomislav"]
[Result "1/2-1/2"]
[WhiteElo "2209"]
[BlackElo "1920"]

1.d4 Nf6 2.c4 e6 3.g3 Bb4+ 4.Bd2 Be7 5.Bg2 d5 6.Nf3 O-O 7.O-O dxc4 8.Qc2 c5
9.dxc5 Nc6 10.Qxc4 Qd5 11.Qa4 Qxc5 12.Na3 Nd5 13.Rfc1 Nb6 14.Qb3 Qh5 15.Be3 Nd5
16.Bc5 Rd8 17.e4 Nf6 18.Bxe7 Nxe7 19.e5 Nfd5 20.Nb5 Bd7 21.Nd6 Bc6 22.h3 Nb6
23.g4 Qh6 24.Rd1 Ba4 25.Qa3 Bxd1 26.Rxd1 Nc6 27.g5 Qg6 28.Rc1 Rxd6 29.exd6 Rd8
30.b4 a6 31.b5 axb5 32.Qc5 Nc8 33.Rd1 Qf5 34.Qxf5 exf5 35.Rd5 Nxd6 36.Bf1 Kf8
37.Bxb5 Nxb5 38.Rxb5 Ra8 39.Rxb7 Rxa2 40.Rc7 Nd8 41.Rc5 g6 42.Kg2 Ne6 43.Rc8+ Kg7  1/2-1/2

[Event "TCh-SVK Extraliga 2012-13"]
[Site "Slovakia SVK"]
[Date "2013.03.03"]
[Round "11.2"]
[White "Cernousek,L"]
[Black "Plat,V"]
[Result "1-0"]
[WhiteElo "2434"]
[BlackElo "2470"]

1.d4 Nf6 2.c4 e6 3.g3 Bb4+ 4.Bd2 c5 5.Bxb4 cxb4 6.Bg2 d5 7.Nd2 Nc6 8.Ngf3 O-O
9.O-O Bd7 10.e3 Rc8 11.Qe2 dxc4 12.Nxc4 Na5 13.Nce5 Qb6 14.Nxd7 Nxd7 15.Rfc1 b3
16.a3 Rc7 17.Rxc7 Qxc7 18.Ne1 e5 19.Qd2 exd4 20.Qxd4 Nb6 21.Rd1 Nbc4 22.Bd5 b5
23.Nf3 Nb6 24.e4 Nac4 25.Qc3 Na4 26.Qxb3 Naxb2 27.Rb1 Na4 28.Rc1 Nab6 29.Qxb5 Nxa3
30.Qb2 Qd6 31.Rc3 Nac4 32.Bxc4 Na4 33.Bxf7+ Kh8 34.Qa3  1-0

[Event "UTD Turner GM Invitational 2013"]
[Site "Richardson USA"]
[Date "2013.03.09"]
[Round "1"]
[White "Troff,Kayden W"]
[Black "De la Parra Hurtado,D"]
[Result "1-0"]
[WhiteElo "2407"]
[BlackElo "1980"]

1.d4 Nf6 2.c4 e6 3.g3 Bb4+ 4.Bd2 Qe7 5.Nf3 Nc6 6.Nc3 d5 7.Bg2 O-O 8.a3 Bxc3
9.Bxc3 Ne4 10.Qb3 Rd8 11.O-O b6 12.Rac1 Ba6 13.Qa4 Bb7 14.Rfd1 Rac8 15.Be1 Qf6
16.e3 a5 17.Nd2 Ne7 18.Nxe4 dxe4 19.b4 axb4 20.Bxb4 Ng6 21.c5 Ra8 22.Qc2 Qf5
23.c6 Ba6 24.Qxe4 Qg5 25.h4 Qf6 26.Qf3 Qxf3 27.Bxf3 Re8 28.e4 Ne7 29.d5 exd5
30.exd5 Nf5 31.Bg4 Nd6 32.Bxd6 cxd6 33.Re1  1-0

[Event "Minnesota Closed 2013"]
[Site "Minneapolis USA"]
[Date "2013.03.15"]
[Round "1"]
[White "Amarasinghe,P"]
[Black "Iwu,O"]
[Result "1-0"]
[WhiteElo "2085"]
[BlackElo "2185"]

1.d4 Nf6 2.c4 e6 3.g3 Bb4+ 4.Bd2 Qe7 5.Bg2 Nc6 6.e3 e5 7.d5 Nb8 8.Nc3 O-O
9.Nge2 d6 10.h3 a5 11.O-O Na6 12.Qc2 Nc5 13.f4 Bd7 14.g4 c6 15.Ng3 Bxc3 16.Bxc3 cxd5
17.fxe5 dxe5 18.cxd5 Rfc8 19.Nf5 Bxf5 20.Rxf5 Nfd7 21.Raf1 f6 22.Qd2 Qd6
23.Bxa5 b6 24.Bb4 Rxa2 25.Ba3 Ra8 26.Qb4 e4 27.Qc4 R2xa3 28.bxa3 Rxa3 29.Qc1 Rd3
30.Rd1 g6 31.Rxd3 exd3 32.Rf2 Qe5 33.Qe1 Kg7 34.Rf4 Qb2 35.Rd4 Qc2 36.d6 Nb3
37.Rd5 d2 38.Qe2 b5 39.Bf3 b4 40.Qd3 Qc1+ 41.Kg2 Qb2 42.Bd1 Nbc5 43.Qxd2 Qxd2+
44.Rxd2 Kf7 45.Rd4 Ke6 46.Rxb4 Kxd6 47.Rd4+ Ke7 48.Bc2 Ne5 49.Kf2 Ne6 50.Rd5 Ng5
51.Kg3 Nc4 52.Rd3 Ne4+ 53.Kf3 Ng5+ 54.Kg2 Nd6 55.Rd4 Ne6 56.Ra4 Ng5 57.h4 Ngf7
58.Ra7+ Kf8 59.Bb3 h6 60.Bxf7 Nxf7 61.Kf3 Ne5+ 62.Kf4 Nd3+ 63.Ke4 Nf2+ 64.Kf3 Nd3
65.h5  1-0

[Event "TCh-CAT Div Hon 2013"]
[Site "Catalonia ESP"]
[Date "2013.03.16"]
[Round "9.9"]
[White "Ribera Bazan,J"]
[Black "Travesset Ribera,D"]
[Result "1/2-1/2"]
[WhiteElo "2100"]
[BlackElo "2148"]

1.d4 Nf6 2.c4 e6 3.g3 Bb4+ 4.Bd2 Qe7 5.Nf3 b6 6.Bg2 Bb7 7.O-O Bxd2 8.Nbxd2 O-O
9.Qc2 d6 10.e4 e5 11.d5 a5 12.b3 Na6 13.a3 Nh5 14.Ne1 g6  1/2-1/2

[Event "3rd HD Bank Cup 2013"]
[Site "Ho Chi Minh City VIE"]
[Date "2013.03.22"]
[Round "6.34"]
[White "Emojong Elijah"]
[Black "Zhang Weida"]
[Result "1/2-1/2"]
[WhiteElo "2190"]
[BlackElo "2420"]

1.d4 e6 2.c4 Nf6 3.g3 Bb4+ 4.Bd2 Qe7 5.Bg2 O-O 6.Nc3 d6 7.Nf3 e5 8.Nd5 Nxd5
9.cxd5 Bxd2+ 10.Qxd2 e4 11.Ng5 f5 12.h4 c6 13.dxc6 Nxc6 14.d5 Ne5 15.Rc1 Ng4
16.O-O Re8 17.Qd4 Nf6 18.Rc4 h6 19.Nh3 Qe5 20.Rd1 Bd7 21.Rc7 b6 22.Qd2 Rec8
23.Rb7 Rc5 24.Nf4 Bc8 25.b4 Bxb7 26.bxc5 bxc5 27.Bh3 Re8 28.Qc2 Nh7 29.Qa4 e3
30.f3 g5 31.hxg5 hxg5 32.Bxf5 gxf4 33.Be6+ Rxe6 34.dxe6 Qxe6 35.Qxf4 d5 36.Rb1 Bc6
37.Rb8+ Kg7 38.Qc7+ Bd7 39.Qxc5 Qe5 40.Qb4 Qxg3+ 41.Kh1 Qh3+ 42.Kg1 Qg3+
43.Kh1 Qh3+ 44.Kg1 Qg3+ 45.Kh1 Qh3+  1/2-1/2

[Event "ch-Moscow w 2013"]
[Site "Moscow RUS"]
[Date "2013.03.23"]
[Round "2.1"]
[White "Pustovoitova,D"]
[Black "Vasilevich,I"]
[Result "1/2-1/2"]
[WhiteElo "2269"]
[BlackElo "2363"]

1.d4 Nf6 2.c4 e6 3.g3 Bb4+ 4.Bd2 c5 5.Bxb4 cxb4 6.Bg2 O-O 7.e4 d6 8.Ne2 e5
9.O-O a5 10.a3 Na6 11.axb4 axb4 12.Nd2 Re8 13.Re1 Bg4 14.f3 Bc8 15.Nf1 Rb8
16.Ne3 b5 17.cxb5 Rxb5 18.Bf1 Rb8 19.Nc1 Nc7 20.d5 Bd7 21.Nb3 h5 22.Qd2 h4
23.Nc4 Nb5 24.Ra6 hxg3 25.hxg3 Qe7 26.Rea1 Nh5 27.Kf2 Qf6 28.Be2 Qg6 29.Rg1 Bc8
30.Rb6 Rxb6 31.Nxb6 Nd4 32.Nxd4 exd4 33.Qxd4 Nf6 34.Qxb4 Bh3 35.Nc4 Nxe4+
36.fxe4 Qxe4 37.Qd2 Qf5+ 38.Bf3 Bg4 39.Qf4 Qc2+ 40.Nd2 Bxf3 41.Kxf3 Qd3+
42.Kg4 Re2 43.Rf1 Qg6+ 44.Kf3 Qd3+ 45.Kg4 Qg6+ 46.Kf3 Qd3+ 47.Kg4  1/2-1/2

[Event "44th Marcel Duchamp"]
[Site "Buenos Aires ARG"]
[Date "2013.03.24"]
[Round "1.2"]
[White "Suarez,Luis Armando"]
[Black "Hernandez Guerrero,G"]
[Result "0-1"]
[WhiteElo "1959"]
[BlackElo "2527"]

1.d4 Nf6 2.c4 e6 3.g3 Bb4+ 4.Bd2 Qe7 5.Nf3 Nc6 6.Nc3 O-O 7.Bg2 Na5 8.b3 b6
9.Ne5 Bb7 10.O-O Bxg2 11.Kxg2 d5 12.c5 bxc5 13.a3 cxd4 14.axb4 dxc3 15.Bxc3 Nb7
16.Nc6 Qd7 17.Ra6 Ne4 18.Bd4 f6 19.Qc2 e5 20.Bxa7 Nbd6 21.f3 Ng5 22.Qd3 d4
23.b5 Kh8 24.g4 Ne6  0-1